[Event "Tenerife-chT Preferente"]
[Site "Tenerife"]
[Date "2022.03.12"]
[Round "6.1"]
[White "Mendivil Anton, Daniel"]
[Black "Rodriguez Redondo, Adhara"]
[Result "1/2-1/2"]
[WhiteElo "2191"]
[BlackElo "2112"]
[PlyCount "53"]
[EventDate "2022.01.29"]
[EventType "team-tourn"]
[EventRounds "14"]
[EventCountry "ESP"]
[SourceTitle "EXT 2024"]
[Source "ChessBase"]
[SourceDate "2023.10.10"]
[SourceVersion "1"]
[SourceVersionDate "2023.10.10"]
[SourceQuality "1"]
[WhiteTeam "Al Shah Mat Los Realejos"]
[BlackTeam "Fundacion La Caja de Canarias"]
[WhiteTeamCountry "ESP"]
[BlackTeamCountry "ESP"]

1. e4 e5 2. Nf3 Nc6 3. d4 exd4 4. Bc4 Nf6 5. e5 d5 6. Bb5 Ne4 7. Nxd4 Bc5 8. Be3 Bd7 9. Bxc6 bxc6 10. 0-0 Qe7 11. f3 Nd6 12. Bf2 Nf5 13. c3 0-0 14. Re1 Qg5 15. Qd2 Qg6 16. Kh1 Be7 17. b4 a5 18. Nb3 a4 19. Nc5 Be6 20. Na3 Nh4 21. Bd4 Bg5 22. Qf2 Qh6 23. Be3 Ng6 24. Bxg5 Qxg5 25. Nd3 Bf5 26. Nc5 Rfe8 27. f4 1/2-1/2

[Event "Tenerife-chT Preferente 1718"]
[Site "Tenerife"]
[Date "2018.04.07"]
[Round "14.1"]
[White "Kosov, Alexey"]
[Black "Mendivil Anton, Daniel"]
[Result "1-0"]
[WhiteElo "2199"]
[BlackElo "2232"]
[PlyCount "121"]
[EventDate "2017.11.11"]
[EventType "team-tourn"]
[EventRounds "14"]
[EventCountry "ESP"]
[SourceTitle "EXT 2019"]
[Source "ChessBase"]
[SourceDate "2018.10.10"]
[SourceVersion "1"]
[SourceVersionDate "2018.10.10"]
[SourceQuality "1"]
[WhiteTeam "El Sauzal Gofio Plus"]
[BlackTeam "Al Shah Mat Los Realejos"]
[WhiteTeamCountry "ESP"]
[BlackTeamCountry "ESP"]

1. e4 e6 2. d4 d5 3. Nd2 Nf6 4. e5 Nfd7 5. c3 c5 6. f4 Nc6 7. Ndf3 cxd4 8. cxd4 Qb6 9. Ne2 Bb4+ 10. Kf2 f6 11. Be3 0-0 12. h4 Be7 13. Qd2 a5 14. g3 a4 15. Kg2 a3 16. b3 Bb4 17. Qc1 f5 18. h5 Ne7 19. Qd1 Re8 20. Rc1 Nf8 21. Neg1 Bd7 22. Bd3 Rec8 23. Rxc8 Rxc8 24. Ne2 Bb5 25. Bb1 Qa6 26. Kf2 Nc6 27. Rg1 Na5 28. Nc1 Be8 29. Ne1 Be7 30. Ned3 Rc7 31. Rg2 b6 32. Kg1 Nc6 33. g4 Qc8 34. Qf3 Bd8 35. Ne2 Qd7 36. Ng3 Qf7 37. gxf5 exf5 38. Ne1 Ne7 39. Nc2 Ra7 40. Nb4 Bd7 41. h6 Nfg6 42. Qh5 Be6 43. hxg7 Kxg7 44. Qh3 Kh8 45. Nh5 Ng8 46. Nc6 Ra8 47. Nxd8 Rxd8 48. Rg5 N8e7 49. Nf6 Nf8 50. Bc1 Ra8 51. Bd3 Ra7 52. Kf2 Ra8 53. Ke3 Ra7 54. Bd2 Neg6 55. Rh5 Bc8 56. Bxf5 Re7 57. Bb4 Bxf5 58. Rxf5 Qe6 59. Bxe7 Nxe7 60. Rh5 Qf7 61. f5 1-0

[Event "Tenerife-chT Preferente 1718"]
[Site "Tenerife"]
[Date "2017.11.11"]
[Round "1.1"]
[White "Exposito Afonso, Ramon"]
[Black "Mendivil Anton, Daniel"]
[Result "0-1"]
[WhiteElo "1957"]
[BlackElo "2232"]
[PlyCount "63"]
[EventDate "2017.11.11"]
[EventType "team-tourn"]
[EventRounds "14"]
[EventCountry "ESP"]
[SourceTitle "EXT 2019"]
[Source "ChessBase"]
[SourceDate "2018.10.10"]
[SourceVersion "1"]
[SourceVersionDate "2018.10.10"]
[SourceQuality "1"]
[WhiteTeam "Ciberjaque Universidad"]
[BlackTeam "Al Shah Mat Los Realejos"]
[WhiteTeamCountry "ESP"]
[BlackTeamCountry "ESP"]

1. d4 f5 2. c4 Nf6 3. g3 g6 4. Bg2 Bg7 5. Nf3 d6 6. Nc3 c6 7. 0-0 0-0 8. d5 e5 9. e4 cxd5 10. cxd5 Na6 11. Ng5 Nc5 12. b4 Ncxe4 13. Ngxe4 fxe4 14. Nxe4 Nxe4 15. Bxe4 Bh3 16. Re1 Qb6 17. Qe2 Qd4 18. Bg5 Rf7 19. Red1 Qxb4 20. Rdc1 Raf8 21. f3 Bf5 22. Rab1 Qa4 23. Bxf5 Rxf5 24. Be7 Re8 25. Rxb7 Rf7 26. Rcc7 Qd4+ 27. Qf2 Qxd5 28. Qxa7 Qd1+ 29. Kg2 Qxf3+ 30. Kh3 Qh5+ 31. Kg2 Qf3+ 32. Kh3 0-1

[Event "Tenerife-chT Preferente 1516"]
[Site "Tenerife"]
[Date "2016.02.27"]
[Round "8.2"]
[White "Mendoza Contreras, Lucas Eduardo"]
[Black "Mendivil Anton, Daniel"]
[Result "1-0"]
[WhiteElo "2185"]
[BlackElo "2278"]
[PlyCount "103"]
[EventDate "2015.12.12"]
[EventType "team-tourn"]
[EventRounds "14"]
[EventCountry "ESP"]
[SourceTitle "EXT 2017"]
[Source "ChessBase"]
[SourceDate "2016.10.25"]
[SourceVersion "1"]
[SourceVersionDate "2016.10.25"]
[SourceQuality "1"]
[WhiteTeam "Canarias 64"]
[BlackTeam "Casa de Venezuela Ebano"]
[WhiteTeamCountry "ESP"]
[BlackTeamCountry "ESP"]

1. d4 f5 2. c4 Nf6 3. g3 d6 4. Bg2 g6 5. Nc3 Bg7 6. Nf3 0-0 7. 0-0 Nc6 8. d5 Ne5 9. Nxe5 dxe5 10. c5 h6 11. Qb3 Kh8 12. Rd1 a6 13. Bd2 Qe8 14. Rac1 g5 15. d6 exd6 16. cxd6 cxd6 17. Nd5 Nxd5 18. Bxd5 f4 19. Rc7 Rb8 20. gxf4 Qh5 21. fxg5 Qxe2 22. gxh6 Bf6 23. Bf3 Qb5 24. Qc2 Bd7 25. Bb4 Rbc8 26. Bxd6 Rg8+ 27. Kh1 Rxc7 28. Bxc7 Bc6 29. Bxc6 Qxc6+ 30. Qxc6 bxc6 31. Rd6 Bh4 32. Rxc6 Bxf2 33. Bxe5+ Kh7 34. Bg7 Ra8 35. Kg2 Bh4 36. Kh3 Bd8 37. Re6 Ra7 38. Kg4 Be7 39. h4 a5 40. h5 Rb7 41. b3 Rd7 42. Kf3 Bg5 43. Kg4 Be7 44. Kf5 Rb7 45. a4 Rd7 46. Re5 Ra7 47. Rb5 Bd6 48. Rb6 Bc7 49. Rf6 Ra8 50. Rf7 Bb6 51. Be5+ Kg8 52. Kg6 1-0

[Event "Tenerife Verano op"]
[Site "Tenerife"]
[Date "2015.08.17"]
[Round "4"]
[White "Mendivil Anton, Daniel"]
[Black "Molina Rodriguez, Borja"]
[Result "1/2-1/2"]
[WhiteElo "2307"]
[BlackElo "2182"]
[PlyCount "47"]
[EventDate "2015.08.10"]
[EventType "swiss"]
[EventRounds "9"]
[EventCountry "ESP"]
[SourceTitle "EXT 2016"]
[Source "ChessBase"]
[SourceDate "2015.10.08"]
[SourceVersion "1"]
[SourceVersionDate "2015.10.08"]
[SourceQuality "1"]

1. d4 Nf6 2. Bg5 Ne4 3. Bf4 c5 4. f3 Qa5+ 5. c3 Nf6 6. d5 e6 7. e4 exd5 8. exd5 d6 9. Qd2 Be7 10. Ne2 0-0 11. Ng3 Re8 12. c4 Bf8+ 13. Be2 Qxd2+ 14. Kxd2 b5 15. Nc3 bxc4 16. Bxc4 Nbd7 17. Bb5 Rb8 18. Kc2 a6 19. Bxd7 Bxd7 20. Rhe1 h6 21. Rad1 Rb4 22. Rxe8 Nxe8 23. Be3 g6 24. b3 1/2-1/2

[Event "Tenerife-chT Preferente"]
[Site "Tenerife"]
[Date "2015.05.23"]
[Round "13.1"]
[White "Villagran Carrasco, Juan Carlos"]
[Black "Mendivil Anton, Daniel"]
[Result "0-1"]
[WhiteElo "2134"]
[BlackElo "2307"]
[PlyCount "68"]
[EventDate "2015.01.24"]
[EventType "swiss"]
[EventRounds "14"]
[EventCountry "ESP"]
[SourceTitle "EXT 2024"]
[Source "ChessBase"]
[SourceDate "2023.10.10"]
[SourceVersion "1"]
[SourceVersionDate "2023.10.10"]
[SourceQuality "1"]
[WhiteTeam "La Gomera"]
[BlackTeam "Ebano Casa Venezuela"]
[WhiteTeamCountry "ESP"]
[BlackTeamCountry "ESP"]

1. d4 f5 2. Nf3 Nf6 3. g3 g6 4. Bg2 Bg7 5. 0-0 0-0 6. b3 d6 7. Bb2 Qe8 8. Nbd2 Nc6 9. Nc4 e6 10. a3 h6 11. b4 a6 12. Qd3 Rb8 13. Ncd2 e5 14. dxe5 dxe5 15. e4 f4 16. Nc4 Nh5 17. Na5 g5 18. Nxc6 bxc6 19. Nd2 g4 20. h3 gxh3 21. Bh1 Kh7 22. Kh2 Nf6 23. gxf4 Ng4+ 24. Kg1 h2+ 25. Kg2 Qg6 26. f5 Ne3+ 27. Kf3 Nxf5 28. Ke2 Nd6 29. Qg3 Qh5+ 30. Bf3 Rxf3 31. Nxf3 Bg4 32. Rad1 Nxe4 33. Qg2 Ng5 34. Ke3 Bxf3 0-1

[Event "Tenerife-chT Preferente"]
[Site "Tenerife"]
[Date "2015.01.31"]
[Round "2.1"]
[White "Lestao Balseiro, Adrian"]
[Black "Mendivil Anton, Daniel"]
[Result "1/2-1/2"]
[WhiteElo "2232"]
[BlackElo "2307"]
[PlyCount "170"]
[EventDate "2015.01.24"]
[EventType "swiss"]
[EventRounds "14"]
[EventCountry "ESP"]
[SourceTitle "EXT 2024"]
[Source "ChessBase"]
[SourceDate "2023.10.10"]
[SourceVersion "1"]
[SourceVersionDate "2023.10.10"]
[SourceQuality "1"]
[WhiteTeam "Rey Ahogado"]
[BlackTeam "Ebano Casa Venezuela"]
[WhiteTeamCountry "ESP"]
[BlackTeamCountry "ESP"]

1. e4 e6 2. d4 d5 3. Nc3 Bb4 4. e5 c5 5. a3 Bxc3+ 6. bxc3 Qc7 7. Qg4 f5 8. Qh5+ g6 9. Qd1 b6 10. Nf3 Ba6 11. Bxa6 Nxa6 12. 0-0 c4 13. a4 Qd7 14. Re1 Nb8 15. Be3 Nc6 16. Qc1 h6 17. Qa3 Nge7 18. Qd6 Nd8 19. a5 Nf7 20. Qa3 bxa5 21. Qxa5 0-0 22. Reb1 Rfb8 23. Kf1 Nc6 24. Qa6 Kg7 25. Bc1 Rxb1 26. Rxb1 Rb8 27. Ra1 Qb7 28. Qa3 a5 29. Ng1 g5 30. Nf3 Kg6 31. Qa2 Qb5 32. Ba3 Qa4 33. Ke2 Rb7 34. Bc1 Qxa2 35. Rxa2 f4 36. Ra1 Kf5 37. Ba3 g4 38. Nd2 Ng5 39. f3 gxf3+ 40. gxf3 Nh3 41. Rb1 Rxb1 42. Nxb1 h5 43. Bc5 Ng5 44. Bb6 h4 45. Na3 Nf7 46. Nb5 Kg6 47. Bc5 Nh6 48. Ba3 Nf5 49. Bc1 Kg5 50. Nc7 Ng7 51. Ba3 Kf5 52. Bf8 a4 53. Kd2 Nh5 54. Na8 Kg6 55. Nb6 Ng3 56. Nxa4 Nf1+ 57. Ke2 Ne3 58. Kd2 Nf1+ 59. Ke2 Ne3 60. Kd2 h3 61. Ba3 Nd8 62. Be7 Nf7 63. Nc5 Kf5 64. Bh4 Nh8 65. Nb7 Ng2 66. Nd6+ Kg6 67. Bf6 Nf7 68. Nxf7 Kxf7 69. Ke2 Kg6 70. Be7 Ne3 71. Kd2 Nf1+ 72. Ke2 Ng3+ 73. Kf2 Nf5 74. Ba3 Kg5 75. Bc1 Ne7 76. Ba3 Ng6 77. Ke2 Kh6 78. Bc1 Kg7 79. Bd2 Kh7 80. Kf2 Kh6 81. Ke2 Kg5 82. Bc1 Ne7 83. Ba3 Nc6 84. Kd2 Kf5 85. Bf8 Kg5 1/2-1/2